<?xml version="1.0" encoding="UTF-8"?>
<collection xmlns="http://www.loc.gov/MARC21/slim">
 <record>
  <leader>01582nam a2200193Ia 4500</leader>
  <controlfield tag="001">TDMU_30603</controlfield>
  <controlfield tag="008">210410s9999    xx            000 0 und d</controlfield>
  <datafield tag="082" ind1=" " ind2=" ">
   <subfield code="a">823.912</subfield>
  </datafield>
  <datafield tag="100" ind1=" " ind2=" ">
   <subfield code="a">Ông, Thị Đan Thanh</subfield>
  </datafield>
  <datafield tag="245" ind1=" " ind2="0">
   <subfield code="a">Một số vấn đề tổ chức lãnh thổ sản xuất cao su ở Việt Nam</subfield>
  </datafield>
  <datafield tag="245" ind1=" " ind2="0">
   <subfield code="b">Trên thí dụ của vùng Đông Nam Bộ</subfield>
  </datafield>
  <datafield tag="245" ind1=" " ind2="0">
   <subfield code="c">Ông Thị Đan Thanh; PTS. Đặng Như Toàn, TS. Đào Bá Cương (Hướng dẫn)</subfield>
  </datafield>
  <datafield tag="260" ind1=" " ind2=" ">
   <subfield code="c">1985</subfield>
  </datafield>
  <datafield tag="300" ind1=" " ind2=" ">
   <subfield code="a">161tr</subfield>
  </datafield>
  <datafield tag="520" ind1=" " ind2=" ">
   <subfield code="a">Chuyên ngành:Địa lý kinh tế; Mã số 1 07 02; Gồm có 4 chương: Chương 1. Khái quát tình hình sản xuất cao su tự nhiên. Chương 2. Những tiền đề tự nhiên và kinh tế - xã hội của sản xuất cao su tự nhiên của vùng Đông Nam Bộ. Chương 3. Quá trình phát triển và hiện trạng sản xuất cao su tự nhiên của vùng Đông Nam Bộ. Chương 4. Cơ sở khoa học của việc tổ chức lãnh thổ hợp lý lực lượng sản xuất; Luận án Phó tiến sĩ Khoa học Địa lý trường Đại học Sư phạm Hà Nội, 1985</subfield>
  </datafield>
  <datafield tag="650" ind1=" " ind2=" ">
   <subfield code="a">Nông nghiệp</subfield>
   <subfield code="z">Việt nam; Cây công nghiệp</subfield>
   <subfield code="x">Sản xuất cao su</subfield>
   <subfield code="z">Đông Nam Bộ(Việt Nam)</subfield>
  </datafield>
  <datafield tag="700" ind1=" " ind2=" ">
   <subfield code="a">Ông, Thị Đan Thanh</subfield>
  </datafield>
  <datafield tag="856" ind1=" " ind2=" ">
   <subfield code="u">http://lrc.tdmu.edu.vn/opac/search/detail.asp?aID=2&amp;ID=30603</subfield>
  </datafield>
  <datafield tag="980" ind1=" " ind2=" ">
   <subfield code="a">Trung tâm Học liệu Trường Đại học Thủ Dầu Một</subfield>
  </datafield>
 </record>
</collection>
